| 000 | 00439ntaaa2200181 4500 | ||
|---|---|---|---|
| 003 | 01 | ||
| 005 | 20251027202527.0 | ||
| 008 | 0714s1973 ag 01 | ||
| 040 |
_aAR-BaBN _bspa _cAR-BaBN _eaacr _dRIC |
||
| 082 | _a280.1000 D36 | ||
| 100 |
_aDehoney, Wayne _910254 |
||
| 245 | _aLos Bautistas del Sud, y los movientos ecuménicos | ||
| 250 | _a1 ed. | ||
| 260 |
_as/d : _bs/d, _cs/d |
||
| 300 | _a5p. | ||
| 650 | _aEcumenismo | ||
| 942 | _cBK | ||
| 999 |
_c20300 _d20300 |
||